000 00825nam a22002297a 4500
005 20100802115916.0
010 _aENG-97613
020 _a9789380096766
_c775.00
035 _aEN-81146
037 _bDBAD/PUB
082 _a351.54
245 _aDemocracy and public administration /
_cedited by G. S. Rana
260 _aNew Delhi
_bAlfa Publications
_c2010
270 _a4398/5, AnsariRoad, Daryaganj,
_bNew Delhi
_e110 002
300 _av, 288p.
_c22cm (Hb)
500 _aIncludes bibliographical references
650 _aPolitical science
_94219
650 _aPublic administration
_94220
700 _aRana, G. S.
_93990
942 _2ddc
_cEN
_h351.54
_mDEM
999 _c38577
_d38577